书目信息 |
| 题名: |
私营公司最佳样板模式
|
|
| 作者: | 杨英健 著 | |
| 分册: | ||
| 出版信息: | 北京 中国工人出版社 2003.04 |
|
| 页数: | 429页 | |
| 开本: | 21cm | |
| 丛书名: | ||
| 单 册: | ||
| 中图分类: | F276.5 | |
| 科图分类: | ||
| 主题词: | 私营企业--企业管理 | |
| 电子资源: | ||
| ISBN: | 7-5008-2958-2 | |
| 000 | 00980nam0 22002537 450 | |
| 001 | 192004004210 | |
| 005 | 20070910094233.21 | |
| 010 | @a7-5008-2958-2@dCNY23.80 | |
| 100 | @a20070602d2003 ekmy0chiy0121 ea | |
| 101 | 0 | @achi |
| 102 | @aCN@b110000 | |
| 105 | @aak a 000yy | |
| 200 | 1 | @a私营公司最佳样板模式@Asi ying gong si zui jia yang ban mo shi@e中外顶尖公司运作模式与最优选择@f杨英健著 |
| 210 | @a北京@c中国工人出版社@d2003.04 | |
| 215 | @a429页@c图@d21cm | |
| 300 | @a其他题名:中外顶尖公司运作模式与最优选择 | |
| 320 | @a有书目 | |
| 330 | @a本书是一本有关私营企业管理的书籍,主要内容包括:选择公司组织形式、公司生产管理模式、公司产品质量管理、市场营销方法、定价策略、公司财务管理模式、公司品牌经营等。 | |
| 517 | 1 | @a中外顶尖公司运作模式与最优选择@Azhong wai ding jian gong si yun zuo mo shi yu zui you xuan zhai |
| 606 | 0 | @a私营企业@x企业管理 |
| 690 | @aF276.5@v4 | |
| 701 | 0 | @a杨英健@Ayang ying jian@4著 |
| 801 | 0 | @aCN@c20070910 |
| 905 | @dF276.5@eY312 | |
| 私营公司最佳样板模式:中外顶尖公司运作模式与最优选择/杨英健著.-北京:中国工人出版社,2003.04 |
| 429页:图;21cm |
| 其他题名:中外顶尖公司运作模式与最优选择 |
| ISBN 7-5008-2958-2:CNY23.80 |
| 本书是一本有关私营企业管理的书籍,主要内容包括:选择公司组织形式、公司生产管理模式、公司产品质量管理、市场营销方法、定价策略、公司财务管理模式、公司品牌经营等。 |
| ● |
| 相关链接 |
|
|
|
正题名:私营公司最佳样板模式
索取号:F276.5/Y312
 
预约/预借
| 序号 | 登录号 | 条形码 | 馆藏地/架位号 | 状态 | 备注 |
| 1 | 618187 | 206181870 | 社科二线422/409社科库 96排2列1层/ [索取号:F276.5/Y312] | 在馆 | |
| 2 | 618188 | 206181889 | 社科二线422/409社科库 96排2列1层/ [索取号:F276.5/Y312] | 在馆 | |
| 3 | 618189 | 206181898 | 社科二线422/409社科库 96排2列1层/ [索取号:F276.5/Y312] | 在馆 |